Score 0/25 Timer 08:00
4 Plays Today
% Correct
Everybody Loves Raymond
89.8%
Xena: Warrior Princess
81.2%
The Nanny
77.7%
The Good Wife
76.3%
Gilmore Girls
73.6%
Family Matters
72.6%
The Cleveland Show
70.5%
Nurse Jackie
70.4%
Cash Cab
68.7%
Empire
65.2%
The Bernie Mac Show
64.3%
Lois & Clark: The New Adventures of Superman
59.2%
Dexter's Laboratory
57.8%
% Correct
Bates Motel
56.4%
According to Jim
54.1%
Jane the Virgin
53.9%
Party of Five
51.3%
Ghost Whisperer
45.8%
Raising Hope
43.4%
Great News
42.5%
Politically Incorrect
38.4%
The Practice
31.7%
Big Love
28.7%
Girlfriends
12.4%
The John Larroquette Show
9.4%
Remove Ads.
Support Sporcle.
Get the best of Sporcle when you Go Orange. This ad-free experience offers more features, more stats, and more fun while also helping to support Sporcle. Thank you for becoming a member.

You're not logged in!

Compare scores with friends on all Sporcle quizzes.
OR
Log In

Show Comments

Extras

Top Quizzes Today


Score Distribution

Your Account Isn't Verified!

In order to create a playlist on Sporcle, you need to verify the email address you used during registration. Go to your Sporcle Settings to finish the process.

Report this User

Report this user for behavior that violates our Community Guidelines.

Details: